000 01445nam a22002177a 4500
005 20230314155300.0
008 230311b ||||| |||| 00| 0 eng d
020 _a9781032501536
040 _cAL
041 _aeng
082 _223
_a515.353
_bPOLH
100 _aPolyanin A D
_975080
245 _aHandbook of first order partial differential equations
260 _aNew York
_bCRC Press
_c2023
300 _axiv,500p.
_bHB
_c23x16cm.
365 _2General
_a8197
_b₹4676.00
_c
_d₹5995.00
_e22%
_f3-03-2023
520 _aThis book contains about 3000 first-order partial differential equations with solutions. New exact solutions to linear and nonlinear equations are included. The text pays special attention to equations of the general form, showing their dependence upon arbitrary functions. At the beginning of each section, basic solution methods for the corresponding types of differential equations are outlined and specific examples are considered. It presents equations and their applications, including differential geometry, nonlinear mechanics, gas dynamics, heat and mass transfer, wave theory and much more. This handbook is an essential reference source for researchers, engineers and students of applied mathematics, mechanics, control theory and the engineering sciences.
650 _2Natural sciences and mathematics
_aDifferential Equations
_975081
700 _aZaitsev, V F; Moussiaux, A.
_975082
942 _2ddc
_cBK
999 _c227008
_d227008